000 00501nam a2200181Ia 4500
005 20250326124245.0
008 250326s9999 xx 000 0 und d
037 _aTextbook
040 _aFMSL
_beng
_cFMSL
041 _aeng
_2eng
084 _aX:51:f L32;1
_qFMSL
100 _aDavies A H
_9345380
245 0 _aPractice of marketing research
_cDavies A H
260 _aLondon
_bLondon, Heinemann
_c1973
300 _a251p
942 _cTB
_hX:51:f L32;1
999 _c1272970
_d1272970